| 000 | 00697nam a2200193 a 4500 | ||
|---|---|---|---|
| 001 | 000048648 | ||
| 005 | 20241130074013.0 | ||
| 008 | 190405s2017 dr a 000 p spa d | ||
| 020 | _a9789945908206 | ||
| 040 |
_aDO-SdBNP _bspa _cBNPHU |
||
| 082 |
_axxxx _bP438pl |
||
| 100 | 1 |
_aPérez, Odalís _d1952- _923828 |
|
| 245 | 1 | 0 |
_aPlanetario / _cOdalís G. Pérez. |
| 260 |
_aSanto Domingo : _bImpresos Camilo, _c2017. |
||
| 300 |
_a214 p. : _bil. ; _c23 cm. |
||
| 500 | _aIncluye datos biográficos del autor en las solapas | ||
| 505 | 0 |
_aNueva guía de alucinados -- _tCiclos de la estancia -- _tQuimera visibles del verbo -- _tTerritorios y cuerpos -- _tEngranajes -- |
|
| 590 | _aInventariado, 2019/LP | ||
| 999 |
_c48136 _d48136 |
||